Bilecik Bilecik Bilecik Bilecik Bilecik

Dobruca Türk halk edebiyatı metinleri/ (Record no. 56941)

MARC details
000 -BAŞLIK
Sabit Uzunluktaki Kontrol Alanı 01273nam a22003497a 4500
001 - KONTROL NUMARASI
Control Dosyası 0057135
003 - KONTROL NUMARASI KİMLİĞİ
Kontrol Alanı KOHA_MİRAKIL
005 - EN SON İŞLEM TARİHİ ve ZAMANI
Kontrol Alanı 20260207004111.0
007 - FİZİKSEL TANIM SABİT ALAN - GENEL BİLGİ
Sabit uzunluklu kontrol alanı ta
008 - SABİT UZUNLUKTAKİ VERİ ÖGELERİ - GENEL BİLGİ
Sabit Alan 160421b1997 tu |||gr||||#0|||1|tur |
020 ## - ISBN - ULUSLARARASI STANDART KİTAP NUMARASI
Isbn 9751718449
040 ## - KATALOGLAMA KAYNAĞI
Özgün Kataloglama Kurumu TR-BiSEU
Kataloglama Dili tur
Çeviri Kurumu TR-BiSEU
Açıklama Kuralları rda
041 0# - DİL KODU
Metin ya da ses kaydının dil kodu tur
044 ## - YAYINLAYAN/ÜRETEN KURULUŞUN ÜLKE KODU
ISO country code tu
050 ## - SINIFLAMA ve YER NUMARASI
Sınıflama Numarası PL66
Yer Numarası .D63 1997
245 1# - ESER ADI BİLDİRİMİ
Başlık Dobruca Türk halk edebiyatı metinleri/
Sorumluluk Bildirimi Enver Mahmut, Nederet Mahmut.
264 #1 - ÜRERİM, YAYIN, DAĞITIM ve TELİF BİLDİRİMİ
Yayın yeri Ankara :
Yayınlayan Kültür Bakanlığı
Yayın tarihi 1997
300 ## - FİZİKSEL TANIMLAMA
Sayfa, Cilt vb. 520 sayfa; 25 cm.
336 ## - İÇERİK TÜRÜ
Content type term metin
Content type code txt
Source rdacontent
337 ## - MEDYA TÜRÜ
Media type term aracısız
Media type code n
Source rdamedia
338 ## - TAŞIYICI TÜRÜ
Carrier type term cilt
Carrier type code nc
Source rdacarrier
490 1# - DİZİ BİLDİRİMİ
Dizi Bildirimi Kültür Bakanlığı Yayınları ;
Cilt Numarası 1959.
490 1# - DİZİ BİLDİRİMİ
Dizi Bildirimi Halk Kültürü Araştırma ve Geliştirme Genel Müdürlüğü Yayınları ;
Cilt Numarası 253.
490 1# - DİZİ BİLDİRİMİ
Dizi Bildirimi Halk Edebiyatı Dizisi ;
Cilt Numarası 51.
650 #0 - KONU BAŞLIĞI EK GİRİŞ - KONU TERİMİ
Konusal terim veya coğrafi ad Folk literature, Tatar--Dobruja (Romania and Bulgaria)
9 (RLIN) 105819
650 #0 - KONU BAŞLIĞI EK GİRİŞ - KONU TERİMİ
Konusal terim veya coğrafi ad Tatar language--Dialects --Dobruja (Romania and Bulgaria)
9 (RLIN) 105820
830 1# - SERİ EK GİRİŞİ - TEKBİÇİM ESER ADI
Tekbiçim Başlık Kültür Bakanlığı Yayınları ;
Volume number/sequential designation 1959.
9 (RLIN) 6362
830 1# - SERİ EK GİRİŞİ - TEKBİÇİM ESER ADI
Tekbiçim Başlık Halk Kültürü Araştırma ve Geliştirme Genel Müdürlüğü Yayınları ;
Volume number/sequential designation 253.
9 (RLIN) 105239
830 1# - SERİ EK GİRİŞİ - TEKBİÇİM ESER ADI
Tekbiçim Başlık Halk Edebiyatı Dizisi ;
Volume number/sequential designation 51.
9 (RLIN) 105709
907 ## - LOCAL DATA ELEMENT G, LDG (RLIN)
a Roman
942 ## - EK GİRİŞ ÖGELERİ (KOHA)
Source of classification or shelving scheme Library of Congress Classification
Koha item type Book
Holdings
Materyal Türü Kalıcı Konum Mevcut Konum Raf Yeri Sınıflandırma Kaynağı Edinim Bilgisi Ana Konular Alt Konular Yer Numarası Demirbaş Numarası Fatura Tarihi Geri Çekilme Durumu Kayıp Durumu Hasarlı Durumu Kredi için değil Kayıt Tarih Toplam Ödünçverme Son Görülme Tarihi Son Kontrol Tarihi Genel / Bağış Notu
Book Prof. Dr. Azmi Özcan Kütüphanesi Prof. Dr. Azmi Özcan Kütüphanesi Birûni Salonu Library of Congress Classification Bağış DİL VE EDEBİYAT Doğu Asya, Afrika, Okyanusya Dilleri ve Edebiyatları PL66 .D63 1997 0057135 02/02/2026         21/04/2016   05/12/2024 05/12/2024 Abdulkerim Abdulkadiroğlu, Akademisyen